000 00466nam a22001937a 4500
005 20230901193620.0
008 230901b |||||||| |||| 00| 0 eng d
020 _a9781844800827
082 _a650.072
_bJAN-B
100 _aJankowicz,A.D
245 _aBusiness Research Projects
250 _a4th.ed.
260 _aItaly
_bChapman&Hall
_c2005
300 _a398
500 _aInclude Index
650 _aManagement
700 _aA. D . Jankowicz
999 _c33388
_d33388